00391nam a22001577a 4500003000700000005001700007008004100024020001800065082001900083100002700102245002500129250001100154260004000165300000800205650002000213MPLRDC20220104144520.0210129b ||||| |||| 00| 0 eng d a7-80100-766-2 a782.877 ZGF-5  a史林、仲红 编著 a曾国藩教子经c a初版 ab中华工商联合出版社c2001 b平 a曾国藩传记